Centrálna banka ako nositeľ menovej politiky

Právne postavenie centrálnej banky ako nositeľa menovej politiky. Prototypom takmer úplne nezávislej centrálnej banky je Federálny rezervný systém Spojených štátov amerických, ktorý sa skladá z 12 regionálnych federálnych rezervných bánk. Postavenie Nemeckej spolkovej banky (Deutsche Bundesbank). Vz...

Descripción completa

Guardado en:
Detalles Bibliográficos
Autor principal: Sobek, Otto
Formato: Capítulo de libro
Lenguaje:eslovaco
Materias:
Etiquetas: Agregar Etiqueta
Sin Etiquetas, Sea el primero en etiquetar este registro!

MARC

LEADER 00000naa a2200000 4500
001 r026806
005 20230809081441.6
041 0 |a slo 
044 |a SK 
245 1 0 |a Centrálna banka ako nositeľ menovej politiky  |c Otto Sobek 
520 |a Právne postavenie centrálnej banky ako nositeľa menovej politiky. Prototypom takmer úplne nezávislej centrálnej banky je Federálny rezervný systém Spojených štátov amerických, ktorý sa skladá z 12 regionálnych federálnych rezervných bánk. Postavenie Nemeckej spolkovej banky (Deutsche Bundesbank). Vznik Národnej banky Slovenska (NBS) od 1.1.1993. Hlavná úloha NBS a najvyššie riadiace orgány. 
610 2 0 |a banky emisné 
610 2 0 |a USA 
610 2 0 |a Nemecko 
610 2 0 |a Deutsche Bank 
610 2 0 |a NBS Bratislava 
610 2 0 |a politika menová 
100 1 |a Sobek, Otto